[Event "GER-ch Net Amateur Gr-B Vor3"]
[Site "Playchess.com INT"]
[Date "2020.04.16"]
[Round "8"]
[White "Kempe, Caius Emilian"]
[Black "Hertlein, Alexander"]
[Result "0-1"]
[WhiteElo "1506"]
[BlackElo "1642"]
[PlyCount "70"]
[EventDate "2020.04.16"]
[EventType "swiss (blitz)"]
[EventRounds "9"]
[EventCountry "GER"]
[SourceTitle "CBM 195 Extra"]
[Source "ChessBase"]
[SourceDate "2020.05.31"]
[SourceVersion "1"]
[SourceVersionDate "2020.05.31"]
[SourceQuality "1"]

1. d4 e6 2. c4 f5 3. Nc3 Nf6 4. Nf3 d5 5. c5 c6 6. Bg5 Be7 7. e3 0-0 8. Be2 Nbd7 9. 0-0 b6 10. b4 a5 11. a3 axb4 12. axb4 bxc5 13. bxc5 Rxa1 14. Qxa1 Ne4 15. Rb1 Bxg5 16. Nxg5 Qxg5 17. Ba6 Nxc3 18. Qxc3 Bxa6 19. Qa5 Bb5 20. Qc7 Qd8 21. Qd6 Rf6 22. h3 e5 23. dxe5 Rxd6 24. cxd6 Nxe5 25. f4 Nd3 26. g4 fxg4 27. hxg4 Qxd6 28. Rxb5 cxb5 29. e4 dxe4 30. f5 Qf4 31. f6 Qxf6 32. g5 Qxg5+ 33. Kf1 Qd2 34. Kg1 Nf4 35. Kh1 Qg2# 0-1

[Event "GER-ch Net Amateur Gr-B Vor1"]
[Site "Playchess.com INT"]
[Date "2020.04.14"]
[Round "4"]
[White "Hertlein, Alexander"]
[Black "Unbehend, Marius"]
[Result "1/2-1/2"]
[WhiteElo "1695"]
[BlackElo "1537"]
[PlyCount "102"]
[EventDate "2020.04.14"]
[EventType "swiss (blitz)"]
[EventRounds "9"]
[EventCountry "GER"]
[SourceTitle "EXT 2021"]
[Source "ChessBase"]
[SourceDate "2020.10.23"]
[SourceVersion "1"]
[SourceVersionDate "2020.10.23"]
[SourceQuality "1"]

1. d4 e6 2. Nf3 f5 3. e3 Nf6 4. Be2 d5 5. 0-0 c6 6. b3 Bd6 7. Bb2 0-0 8. Nbd2 Ne4 9. c4 Bd7 10. a3 Be8 11. b4 Nd7 12. Qb3 Bh5 13. Rfe1 Nxd2 14. Nxd2 Bxe2 15. Rxe2 Qh4 16. Nf3 Qf6 17. c5 Bc7 18. a4 e5 19. dxe5 Bxe5 20. Nxe5 Nxe5 21. Qc3 Nd7 22. Qc2 Qe6 23. Rae1 Nf6 24. Qc3 Rf7 25. Qc2 Re8 26. g3 Ne4 27. Bd4 Rfe7 28. Qb2 Nf6 29. Bxf6 gxf6 30. Rd1 Qe5 31. Rd4 Rg7 32. Red2 Rg4 33. Qc2 Rxd4 34. Rxd4 Re7 35. a5 Rg7 36. Kg2 Rg4 37. Qd2 Rxd4 38. Qxd4 Qe4+ 39. Qxe4 fxe4 40. f3 Kf7 41. fxe4 dxe4 42. Kf2 f5 43. Ke2 Ke6 44. Kd2 Kd5 45. Kc3 h6 46. h3 h5 47. h4 a6 48. Kb3 Ke5 49. Kc4 Ke6 50. Kd4 Kf6 51. Kc4 Ke6 1/2-1/2

[Event "GER-ch Net Amateur Gr-B Vor1"]
[Site "Playchess.com INT"]
[Date "2020.04.14"]
[Round "5"]
[White "Udelnov, Valentin"]
[Black "Hertlein, Alexander"]
[Result "1-0"]
[WhiteElo "1506"]
[BlackElo "1688"]
[PlyCount "37"]
[EventDate "2020.04.14"]
[EventType "swiss (blitz)"]
[EventRounds "9"]
[EventCountry "GER"]
[SourceTitle "EXT 2021"]
[Source "ChessBase"]
[SourceDate "2020.10.23"]
[SourceVersion "1"]
[SourceVersionDate "2020.10.23"]
[SourceQuality "1"]

1. e4 c5 2. Nf3 Nc6 3. d4 cxd4 4. Nxd4 e5 5. Nb5 a6 6. Nd6+ Bxd6 7. Qxd6 Qf6 8. Qc7 Nge7 9. Nc3 Nd4 10. Bd3 0-0 11. 0-0 b5 12. f4 Qc6 13. Qxe5 Ne6 14. f5 d6 15. Qg3 Nd8 16. f6 Ng6 17. Nd5 Be6 18. Ne7+ Nxe7 19. Qxg7# 1-0

[Event "Oberliga Sued W 1920"]
[Site "Germany"]
[Date "2019.12.08"]
[Round "4.7"]
[White "Hertlein, Alexander"]
[Black "Jenner, Meikel"]
[Result "1/2-1/2"]
[WhiteElo "1742"]
[BlackElo "1905"]
[PlyCount "109"]
[EventDate "2019.09.29"]
[EventType "team-tourn"]
[EventRounds "9"]
[EventCountry "GER"]
[SourceTitle "EXT 2021"]
[Source "ChessBase"]
[SourceDate "2020.10.23"]
[SourceVersion "1"]
[SourceVersionDate "2020.10.23"]
[SourceQuality "1"]

1. d4 Nf6 2. Nf3 e6 3. e3 b6 4. Be2 Bb7 5. 0-0 d5 6. b3 Bd6 7. Bb2 Nbd7 8. Nbd2 0-0 9. c4 Re8 10. Ne5 Nf8 11. Rc1 Bxe5 12. dxe5 N6d7 13. Qc2 c5 14. Nf3 Ng6 15. Bd3 Ndf8 16. Qe2 Qe7 17. Nd2 Nh4 18. g3 Nhg6 19. f4 Rad8 20. Nf3 dxc4 21. Bxc4 Be4 22. Ng5 Qb7 23. Nxe4 Qxe4 24. Qf3 Qxf3 25. Rxf3 Rd2 26. Rf2 Red8 27. Bc3 Rd1+ 28. Rf1 Rxc1 29. Rxc1 Ne7 30. Kf2 Nfg6 31. Ke2 Nd5 32. Be1 Kf8 33. h4 Rc8 34. Ba6 Rd8 35. Rd1 Ke7 36. h5 Nf8 37. e4 Nc7 38. Rxd8 Kxd8 39. Bd3 Nd7 40. g4 Nb8 41. Bc3 Kd7 42. Ke3 Nc6 43. a4 Nb4 44. Bxb4 cxb4 45. Kd4 a5 46. Bc4 Kc6 47. f5 b5 48. axb5+ Nxb5+ 49. Kd3 Nc7 50. g5 g6 51. fxg6 fxg6 52. hxg6 hxg6 53. Kd4 Kb6 54. Ke3 Kc5 55. Kd3 1/2-1/2

[Event "Oberliga Sued W 1920"]
[Site "Germany"]
[Date "2019.09.29"]
[Round "1.8"]
[White "Beck, Michael1111"]
[Black "Hertlein, Alexander"]
[Result "1-0"]
[WhiteElo "2088"]
[BlackElo "1742"]
[PlyCount "51"]
[EventDate "2019.09.29"]
[EventType "team-tourn"]
[EventRounds "9"]
[EventCountry "GER"]
[SourceTitle "EXT 2021"]
[Source "ChessBase"]
[SourceDate "2020.10.23"]
[SourceVersion "1"]
[SourceVersionDate "2020.10.23"]
[SourceQuality "1"]

1. e4 Nf6 2. e5 Nd5 3. c4 Nb6 4. d4 d6 5. exd6 cxd6 6. Nc3 g6 7. Be3 Bg7 8. Rc1 Nc6 9. b3 0-0 10. Nf3 Bg4 11. Be2 e5 12. dxe5 dxe5 13. 0-0 Qxd1 14. Rfxd1 Nd7 15. h3 Bf5 16. Nb5 Nf6 17. Nd6 Bc8 18. c5 a6 19. Nd2 Rb8 20. N2c4 Be6 21. Bf3 Bxc4 22. Rxc4 b5 23. cxb6 Nd4 24. Bxd4 exd4 25. b7 Nd7 26. Ra4 1-0

[Event "Rheinland Pfalz op 4th"]
[Site "Altenkirchen"]
[Date "2012.06.08"]
[Round "3"]
[White "Rosch, Oliver"]
[Black "Hertlein, Alexander"]
[Result "0-1"]
[WhiteElo "1412"]
[BlackElo "1750"]
[PlyCount "114"]
[EventDate "2012.06.07"]
[EventType "swiss"]
[EventRounds "7"]
[EventCountry "GER"]
[SourceTitle "CBM 148 Extra"]
[Source "ChessBase"]
[SourceDate "2012.06.22"]
[SourceVersion "1"]
[SourceVersionDate "2012.06.22"]
[SourceQuality "1"]

1. d4 d5 2. c4 e6 3. Nc3 Be7 4. Nf3 Nf6 5. Bf4 0-0 6. e3 b6 7. Be2 Bb7 8. Rc1 a6 9. cxd5 exd5 10. 0-0 Nbd7 11. Na4 Rc8 12. Bd3 c5 13. Bf5 g6 14. Bxd7 Nxd7 15. Nc3 c4 16. Re1 f5 17. Be5 b5 18. Ne2 Re8 19. g3 b4 20. h4 Qa5 21. h5 g5 22. Qc2 Rf8 23. g4 Qb6 24. Ng3 fxg4 25. Nh2 Nxe5 26. dxe5 Qe6 27. Qd2 Qxe5 28. Nxg4 Qe6 29. Qd1 Bf6 30. Nh6+ Kh8 31. Ngf5 Bxb2 32. Qg4 Qe4 33. Qxg5 Rxf5 34. Qxf5 Qxf5 35. Nxf5 Bxc1 36. Rxc1 Rf8 37. Nd6 Bc6 38. Nxc4 dxc4 39. Rxc4 Rg8+ 40. Kh2 Bf3 41. Rxb4 Rg2+ 42. Kh3 Rxf2 43. h6 Kg8 44. Kg3 Rf1 45. Rf4 Be2 46. Rxf1 Bxf1 47. Kf4 Kf7 48. Kg3 Ke6 49. Kf4 Bd3 50. e4 Bc4 51. a3 a5 52. e5 Bd5 53. Ke3 Kxe5 54. a4 Bc6 55. Kd3 Bxa4 56. Kc4 Bc6 57. Kb3 Kf5 0-1